000 01771nam a2200241Ia 4500
003 Ost
005 20260507075443.0
008 260507s9999||||xx |||||||||||||| ||und||
020 _a9789957499334
040 _cfsecg
041 _aara
082 _a657
100 _aالسيد، سيدعطا الله
_eمؤلف
245 0 _aالنظريات االمحاسبية /
_c سيدعطا الله السيد
260 _aعمان:
_bدار الراية,
_c2009
300 _a238 صفحة؛
_bإيضاحات ؛
_c24 سم
504 _aببليوغرافيا: ص.235-238
520 _aمقدمة في المحاسبة ونظرياتها، نظرية تطور الفكر المحاسبين، مناهج دراسة النظرية المحاسبية، نظرية المبادئ المحاسبية، نظرية العلاقة بين علم المحاسبة وبعض العلوم الأخرى، نظرية التحليل المالي، نظرية الفروض المحاسبية، نظرية السياسات المحاسبية، نظرية النفقات والايرادات، نظرية الوكالة والمراجعة، نظرية الاستهلاك في المحاسبة، نظرية المحاسبة عن التضخم، نظرية الافصاح عن المعلومات المحاسبية، نظرية تغيير الاسعار، نظرية القياس المحاسبي، نظرية التنظيم المحاسبي في شركات التأمين، آثار التشغيل الالكتروني على هياكل النظم المحاسبية، النظام المحاسبي في الدول الاسلامية
653 _aالايرادات
653 _aالمحاسبة
653 _aالمحاسبة التحليلية، النفقات
942 _cكتاب
999 _c44571
_d44571